000 00318nam a2200133Ia 4500
999 _c3328
_d3328
008 200103s 1987 ||||xx |||||||||||||| ||und||
020 _a9280111841
082 _a302.23
_bIMO
100 _aIMO
245 0 _aInternational code of signals
260 _bIMO
_c1987
_aLondon
300 _avii, 175p.
942 _cBK